000 00522nam a22001811a 4500
001 19424
003 OSt
005 20260204212453.0
008 190518s1994||||ck ||||||b||||||||||spa||
020 _a9583001317
082 _a797.217 P434n
100 _aPerea Rosero, Tucidides
245 _aNatación II:Polo acuático y nado sincronizado/Tucidides Perea Rosero
264 _aBogotá,Colombia:Editorial Panamericana
300 _a215 Páginas
650 _aDeporte 2.Natación 3.Nado sincronizadoÌ
942 _2ddc
_cBK
999 _c19424
_d19424